000 00854nas a2200265 4500
001 BR2013009685
003 BR-BrBNA
005 20231205123318.0
007 ta
008 230509b bl.|||p| |||| 00| 00por d
040 _aBR-BrBNA
_bpor
_cBiblioteca Nacional de Agricultura
041 _a(En)
072 _aQ04
100 1 _aDaudt, C.E.
100 1 _aFogaça, A. de O.
245 1 _aPhenolic compounds in Merlot wines from two wine regions of Rio Grande do Sul, Brazil
650 _aANÁLISE QUÍMICA
650 _aCOMPOSTO FENÓLICO
650 _aANTOCIANINA
650 _aVINHO
773 0 _tCiência e Tecnologia de Alimentos (Brazil)
_xISSN 1678-457X
_g(Apr-Jun 2013), v. 33(2) p. 355-361
_wBR2013009685
856 4 0 _uhttp://www.scielo.br/pdf/cta/v33n2/aop_5770.pdf
909 _a202311
_bLúcia
_c55
_dLúcia Elande
942 _2AGRIS
_n0
_cANA
999 _c233261
_d233261